000 00573nam a2200229Ia 4500
003 OSt
005 20220918185135.0
006 a|||||r|||| 00| 0
007 ta
008 220917b |||||||| |||| 00| 0 eng d
024 _a49,785
037 _cTextual
040 _aARTS
_cARTS
_beng
041 _2eng
_aeng
082 _aWz7, G6
245 0 _aPillers of freedom edited by S S Mathur
260 _aDelhi
_bPremier Book Co.
_c1930
300 _a145p.
_ccm.
650 _aPOLITICAL SCIENCE
942 _hWz7, G6
_cTEXL
_2CC
999 _c179407
_d179407